000
00298nam a22001337a 4500
008
181024b xxu||||| |||| 00| 0 eng d
020
_a
9781307085990
041
_a
eng
080
_2
3rd
_a
159.9
100
_a
48
101
_a
PSI
245
_a
Experience Psychology
_c
King,L.A
942
_2
udc
_c
BK
999
_c
50806
_d
50806